| 000 | 00587nam a2200241 a 4500 | ||
|---|---|---|---|
| 001 | 14305 | ||
| 003 | BD-JhCC | ||
| 005 | 20250302130237.0 | ||
| 008 | 250302b 2018e a|||| ||a| 001 0 eng d | ||
| 020 | _a 9780241339688 | ||
| 035 | _a(BD-JhCC)14305 | ||
| 040 |
_aBD-JhCC _dBD-JhCC |
||
| 041 | _aenglish | ||
| 082 |
_a821 _bSTE 2018 |
||
| 100 | _aStein,Gertrude | ||
| 245 |
_aFood / _cGertrude Stein. |
||
| 260 |
_aNew York: _bPenguin Books; _c2018. |
||
| 300 |
_a55 p. : _c16 cm. |
||
| 490 | _aPenguin Modern: 08 | ||
| 650 | _a English poetry | ||
| 942 |
_2ddc _cBK |
||
| 999 |
_c14305 _d14305 |
||